000 00393cam a2200145ua 4500
041 _aeng
_h
082 _a828.09
_bDAN/SI
100 _aDanby, John F .
245 _aSimple Wordsworth: studies on the poems 1797-1807 /
_cJohn F Danby.
_hTextual Documents
260 _aLondon :
_bRoutledge & Kegan Paul Ltd ,
_c1960.
300 _a152 ; .
504 _a
942 _cBK
999 _c3703
_d3703